Statystyki dla 15 krajów o największej liczbie zgonów Covid19 - 14 mar 2021

Kliknij tutaj aby rozwiązać quiz!

Ogólne statystyki

  • Ten quiz został rozwiązany 22 razy
  • Średni wynik to 13 z 24

Statystyki odpowiedzi

kraj% Poprawnych
Rosja
100%
Hiszpania
89%
Meksyk
89%
Niemcy
89%
Stany Zjednoczone
89%
Brazylia
83%
Francja
83%
Włochy
83%
Indie
78%
Argentyna
72%
Wielka Brytania
61%
Portugalia
56%
Republika
Południowej Afryki
56%
Kolumbia
50%
Peru
39%
Czechy
33%
Iran
28%
Słowacja
28%
Belgia
22%
Słowenia
22%
Węgry
22%
Bośnia i Hercegowina
6%
Bułgaria
6%
Macedonia Północna
6%

Rozkład punktacji

Percentyl według liczby udzielonych odpowiedzi

Procent ludzi z każdym wynikiem

Twoja historia wyników

Nie rozwiązałeś tego quizu